World Soybean Research Conference II : (Record no. 488)

MARC details
000 -LEADER
fixed length control field 00942cam a2200253 i 4500
001 - CONTROL NUMBER
control field BD-DhSAU 488
003 - CONTROL NUMBER IDENTIFIER
control field BD-DhSAU
005 - DATE AND TIME OF LATEST TRANSACTION
control field 20150101005532.0
008 - FIXED-LENGTH DATA ELEMENTS--GENERAL INFORMATION
fixed length control field 800131s1980 coua b 101 0 eng
020 ## - INTERNATIONAL STANDARD BOOK NUMBER
International Standard Book Number 0891586784 :
Terms of availability $38.50 (est.)
040 ## - CATALOGING SOURCE
Transcribing agency BD-DhSAU
082 00 - DEWEY DECIMAL CLASSIFICATION NUMBER
Classification number 633.3409072
Edition number 22
Item number WOR
111 2# - MAIN ENTRY--MEETING NAME
Meeting name or jurisdiction name as entry element World Soybean Research Conference
Number of part/section/meeting (2nd :
Date of meeting 1979 :
Location of meeting North Carolina State University)
245 00 - TITLE STATEMENT
Title World Soybean Research Conference II :
Remainder of title proceedings /
Statement of responsibility, etc. edited by Frederick T. Corbin.
260 ## - PUBLICATION, DISTRIBUTION, ETC. (IMPRINT)
Place of publication, distribution, etc. Boulder, Colo. :
Name of publisher, distributor, etc. Westview Press,
Date of publication, distribution, etc. 1980.
300 ## - PHYSICAL DESCRIPTION
Extent xv, 897 p. :
Other physical details ill. ;
Dimensions 24 cm.
500 ## - GENERAL NOTE
General note "Conference sponsors: Agency for International Development ... [et al.]"
504 ## - BIBLIOGRAPHY, ETC. NOTE
Bibliography, etc Includes bibliographies and index.
590 ## - Name of Cataloguer
Name of Cataloger IMRAN
650 #0 - SUBJECT ADDED ENTRY--TOPICAL TERM
Topical term or geographic name as entry element Soybean
General subdivision Congresses.
650 #0 - SUBJECT ADDED ENTRY--TOPICAL TERM
Topical term or geographic name as entry element Soybean products
General subdivision Congresses.
700 1# - ADDED ENTRY--PERSONAL NAME
Personal name Corbin, Frederick T.
710 1# - ADDED ENTRY--CORPORATE NAME
Corporate name or jurisdiction name as entry element United States.
Subordinate unit Agency for International Development.
942 ## - ADDED ENTRY ELEMENTS (KOHA)
Source of classification or shelving scheme Dewey Decimal Classification
Koha item type Book
Holdings
Withdrawn status Lost status Source of classification or shelving scheme Damaged status Not for loan Home library Branch Name Shelving location Date acquired Total Checkouts Full call number Barcode Date last seen Price effective from Koha item type
    Dewey Decimal Classification     SAU Library SAU Library General Stacks 31/10/1982   633.3409072 WOR 8508 01/01/2015 01/01/2015 Book
    Dewey Decimal Classification     SAU Library SAU Library General Stacks 31/10/1982   633.3409072 WOR 8509 01/01/2015 01/01/2015 Book
    Dewey Decimal Classification     SAU Library SAU Library General Stacks 31/10/1982   633.3409072 WOR 8511 01/01/2015 01/01/2015 Book
    Dewey Decimal Classification     SAU Library SAU Library General Stacks 31/10/1982   633.3409072 WOR 8510 01/01/2015 01/01/2015 Book
    Dewey Decimal Classification     SAU Library SAU Library General Stacks 31/10/1982   633.3409072 WOR 8505 01/01/2015 01/01/2015 Book
    Dewey Decimal Classification     SAU Library SAU Library General Stacks 31/10/1982   633.3409072 WOR 8503 01/01/2015 01/01/2015 Book
    Dewey Decimal Classification     SAU Library SAU Library General Stacks 31/10/1982   633.3409072 WOR 8506 01/01/2015 01/01/2015 Book
    Dewey Decimal Classification     SAU Library SAU Library General Stacks 31/10/1982   633.3409072 WOR 8504 01/01/2015 01/01/2015 Book